[Event "Junior Online 4NCL Division 4"]
[Site "online"]
[Date "2021.04.15"]
[EventDate "2021.04.15"]
[Round "7.74"]
[White "Dalah, Jacob"]
[WhiteElo "1038"]
[WhiteTeam "Edgware Gambits F"]
[Black "Sethia, Aditey"]
[BlackElo "1100"]
[BlackTeam "The Hall 2"]
[Result "0-1"]
[PlyCount "44"]

1. e4 c5 2. c3 Nc6 3. d4 cxd4 4. cxd4 e6 5. Nc3 Bb4 6. Bd2 Nf6 7. Nf3 Bxc3 8. Bxc3 Nxe4 9. Bd3 Nf6 10. O-O Qc7 11. Re1 b6 12. d5 Nd8 13. Bxf6 gxf6 14. dxe6 dxe6 15. Bb5+ Ke7 16. Nd4 Bb7 17. Nf5+ Kf8 18. Nd6 Rg8 19. Nxb7 Qxb7 20. Qd6+ Kg7 21. Re3 Kh8 22. Qd4 Qxg2# 0-1

[Event "Junior Online 4NCL Division 4"]
[Site "online"]
[Date "2021.04.15"]
[EventDate "2021.04.15"]
[Round "7.75"]
[White "Popat, Imara"]
[WhiteElo "1137"]
[WhiteTeam "Edgware Gambits F"]
[Black "Jhamna, Alexander"]
[BlackElo "1285"]
[BlackTeam "The Hall 2"]
[Result "1-0"]
[PlyCount "39"]

1. e4 e5 2. Nf3 Nc6 3. Bc4 Bc5 4. O-O Nf6 5. Nc3 d6 6. h3 O-O 7. a3 a5 8. Nh4 Nxe4 9. Nxe4 Qxh4 10. Nxc5 Qxc4 11. Nd3 e4 12. Nf4 Qb5 13. d3 Qg5 14. Ne6 Qe7 15. Nxf8 Qxf8 16. dxe4 Qe7 17. Qh5 Qxe4 18. Bg5 Qf5 19. Rfe1 f6 20. Re8# 1-0

[Event "Junior Online 4NCL Division 4"]
[Site "online"]
[Date "2021.04.15"]
[EventDate "2021.04.15"]
[Round "7.77"]
[White "Patel, Rohan"]
[WhiteElo "1140"]
[WhiteTeam "Edgware Gambits F"]
[Black "O'Sullivan, Conor"]
[BlackElo "1115"]
[BlackTeam "The Hall 2"]
[Result "1-0"]
[PlyCount "29"]

1. e4 e5 2. Nf3 Nc6 3. Bc4 Nf6 4. Nc3 Nxe4 5. Nxe4 d5 6. Bd3 dxe4 7. Bxe4 Bc5 8. Bxc6+ bxc6 9. Nxe5 Qd4 10. Qe2 O-O 11. Nxc6 Qd5 12. Ne7+ Kh8 13. Nxd5 Re8 14. Qxe8+ Bf8 15. Qxf8# 1-0

[Event "Junior Online 4NCL Division 4"]
[Site "online"]
[Date "2021.04.15"]
[EventDate "2021.04.15"]
[Round "7.78"]
[White "Sethia, Aditey"]
[WhiteElo "1100"]
[WhiteTeam "The Hall 2"]
[Black "Dalah, Jacob"]
[BlackElo "1038"]
[BlackTeam "Edgware Gambits F"]
[Result "1/2-1/2"]
[PlyCount "51"]

1. d4 d5 2. c4 dxc4 3. e4 Nf6 4. Nc3 Nc6 5. Nf3 Bg4 6. Be3 e5 7. d5 Nd4 8. Bxd4 exd4 9. Ne2 Bxf3 10. gxf3 d3 11. Nc3 Bb4 12. Qa4+ c6 13. Qxb4 cxd5 14. exd5 Nxd5 15. Qxc4 Nxc3 16. Qxc3 O-O 17. Rg1 Re8+ 18. Kd2 f6 19. Bxd3 Re7 20. Rg3 Rd7 21. Rh3 Rc8 22. Qb3+ Kf8 23. Qa3+ Kg8 24. Qb3+ Kf8 25. Qa3+ Kg8 26. Qb3+ 1/2-1/2

[Event "Junior Online 4NCL Division 4"]
[Site "online"]
[Date "2021.04.15"]
[EventDate "2021.04.15"]
[Round "7.81"]
[White "Gururaj, Rithwik"]
[WhiteElo "1277"]
[WhiteTeam "Leeds Juniors 2"]
[Black "Timbrell, Matthew"]
[BlackElo "1616"]
[BlackTeam "Somerset Lions"]
[Result "1-0"]
[PlyCount "61"]

1. d4 d5 2. c4 c6 3. Nc3 Nf6 4. Nf3 g6 5. Bg5 Bg7 6. e3 Bg4 7. cxd5 cxd5 8. h3 Bxf3 9. Qxf3 e6 10. Bd3 O-O 11. O-O a6 12. Rac1 Nbd7 13. a4 Qa5 14. b3 Rfc8 15. Ne2 Qb4 16. Nf4 b5 17. axb5 axb5 18. Rxc8+ Rxc8 19. Rb1 h6 20. Bxf6 Nxf6 21. Qe2 g5 22. Nh5 Nxh5 23. Qxh5 Rc3 24. Qd1 Bxd4 25. exd4 Qxd4 26. Bh7+ Kxh7 27. Qxd4 Rc7 28. Qd3+ Kg7 29. Qxb5 f5 30. Qb6 Kf6 31. Qxc7 1-0

[Event "Junior Online 4NCL Division 4"]
[Site "online"]
[Date "2021.04.15"]
[EventDate "2021.04.15"]
[Round "7.82"]
[White "Keech, Gabriel"]
[WhiteElo "1606"]
[WhiteTeam "Somerset Lions"]
[Black "Yerabati, Suhrith"]
[BlackElo "1275"]
[BlackTeam "Leeds Juniors 2"]
[Result "1/2-1/2"]
[PlyCount "85"]

1. c4 c5 2. Nc3 Nc6 3. g3 d6 4. Bg2 e5 5. d3 Nf6 6. Nf3 Be6 7. Bd2 d5 8. cxd5 Nxd5 9. Nxd5 Bxd5 10. Bc3 Bd6 11. O-O O-O 12. e3 Re8 13. d4 exd4 14. exd4 cxd4 15. Nxd4 Bxg2 16. Kxg2 Nxd4 17. Qxd4 Be5 18. Qxd8 Raxd8 19. Bxe5 Rxe5 20. Rad1 Red5 21. Rxd5 Rxd5 22. Re1 Kf8 23. Rc1 Rd2 24. Rc8+ Ke7 25. Rc7+ Rd7 26. Rxd7+ Kxd7 27. Kf3 Ke6 28. Ke4 f5+ 29. Kf4 Kf6 30. h4 h6 31. h5 a6 32. f3 b5 33. b4 Ke6 34. g4 fxg4 35. fxg4 Kf6 36. a3 Ke6 37. g5 hxg5+ 38. Kxg5 Kf7 39. Kf5 Ke7 40. Ke5 Kf7 41. Kf5 Ke7 42. Ke5 Kf7 43. Kf5 1/2-1/2

[Event "Junior Online 4NCL Division 4"]
[Site "online"]
[Date "2021.04.15"]
[EventDate "2021.04.15"]
[Round "7.83"]
[White "Yerabati, Samiksha"]
[WhiteElo "1201"]
[WhiteTeam "Leeds Juniors 2"]
[Black "Wang, Andy"]
[BlackElo "1388"]
[BlackTeam "Somerset Lions"]
[Result "1/2-1/2"]
[PlyCount "112"]

1. e4 e5 2. Nf3 Nc6 3. Bc4 Bc5 4. c3 Bb6 5. d4 exd4 6. Nxd4 d6 7. Bb5 Bd7 8. Bc4 Nf6 9. Bg5 h6 10. Bxf6 Qxf6 11. Nf3 Qg6 12. O-O O-O 13. Re1 Rae8 14. Bd3 Bg4 15. e5 Qe6 16. exd6 Bxf3 17. Rxe6 Bxd1 18. Rxe8 Rxe8 19. Nd2 Bh5 20. d7 Re7 21. Bf5 g6 22. Ne4 Kg7 23. g4 gxf5 24. Rd1 Bxg4 25. d8=Q Nxd8 26. Rxd8 Rxe4 27. Rd2 Bf3 28. Kf1 Be2+ 29. Rxe2 Rxe2 30. Kxe2 Kg6 31. f3 Kg5 32. b4 Bg1 33. h3 Kh4 34. a4 Kxh3 35. c4 Kg2 36. c5 b6 37. cxb6 cxb6 38. a5 b5 39. Kd3 a6 40. Ke2 h5 41. Kd3 h4 42. Ke2 h3 43. Ke1 h2 44. Ke2 h1=Q 45. f4 Bh2 46. Ke3 Qe1+ 47. Kd4 Qe4+ 48. Kc5 Bxf4 49. Kb6 Qe6+ 50. Ka7 Be3+ 51. Kb7 Bf4 52. Ka7 Qd6 53. Kb7 Kf3 54. Ka7 Ke4 55. Kb7 Kd5 56. Ka7 Qc6 1/2-1/2

[Event "Junior Online 4NCL Division 4"]
[Site "online"]
[Date "2021.04.15"]
[EventDate "2021.04.15"]
[Round "7.84"]
[White "Ranpura, Kirin"]
[WhiteElo "1379"]
[WhiteTeam "Somerset Lions"]
[Black "Sasikumar, Srivathsan"]
[BlackElo "1104"]
[BlackTeam "Leeds Juniors 2"]
[Result "1/2-1/2"]
[PlyCount "138"]

1. d4 d5 2. Bf4 Bf5 3. e3 e6 4. c4 c6 5. Nc3 Bd6 6. Bg3 Nf6 7. Nf3 Bc7 8. Be2 O-O 9. O-O Nbd7 10. Ne5 c5 11. Nxd7 Nxd7 12. Bxc7 Qxc7 13. cxd5 cxd4 14. Nb5 Qb6 15. dxe6 Bxe6 16. Qxd4 Qd8 17. Rac1 a6 18. Nc7 Rc8 19. Nxe6 fxe6 20. Bg4 Re8 21. Rxc8 Qxc8 22. Rd1 Nf6 23. Bf3 e5 24. Qd2 e4 25. Be2 b5 26. Qb4 a5 27. Qxb5 Qc2 28. h3 a4 29. a3 Kh8 30. Rf1 Rd8 31. Kh1 Rd2 32. Qb8+ Ng8 33. Bg4 Qc4 34. Kg1 Qa2 35. Qe8 Rxb2 36. Be6 Rb8 37. Qxg8+ Rxg8 38. Bxa2 Rc8 39. Rd1 g6 40. f3 exf3 41. gxf3 Kg7 42. Rd2 Rc3 43. Kf2 Rxa3 44. Rd7+ Kh6 45. Bd5 Ra1 46. Ra7 a3 47. f4 Kh5 48. Kf3 h6 49. Be6 g5 50. f5 Kh4 51. f6 Rf1+ 52. Ke4 Rxf6 53. Ba2 Kxh3 54. Rxa3 g4 55. Bd5 g3 56. Kd4 g2 57. Ra1 Rf1 58. Bxg2+ Kxg2 59. Rxf1 Kxf1 60. e4 h5 61. e5 h4 62. e6 h3 63. e7 h2 64. e8=Q h1=Q 65. Qb5+ Kg1 66. Qb1+ Kg2 67. Qc2+ Kg3 68. Qd3+ Qf3 69. Qxf3+ Kxf3 1/2-1/2

[Event "Junior Online 4NCL Division 4"]
[Site "online"]
[Date "2021.04.15"]
[EventDate "2021.04.15"]
[Round "7.85"]
[White "Timbrell, Matthew"]
[WhiteElo "1616"]
[WhiteTeam "Somerset Lions"]
[Black "Gururaj, Rithwik"]
[BlackElo "1277"]
[BlackTeam "Leeds Juniors 2"]
[Result "1-0"]
[PlyCount "71"]

1. c4 e5 2. Nc3 Nc6 3. g3 Nf6 4. Bg2 Bc5 5. e3 d6 6. Nge2 Be6 7. d4 exd4 8. exd4 O-O 9. dxc5 Bxc4 10. cxd6 Re8 11. O-O Qxd6 12. Qxd6 cxd6 13. Re1 Nd4 14. Rd1 Nxe2+ 15. Nxe2 Rxe2 16. Bxb7 Rae8 17. b3 Bb5 18. Be3 Ng4 19. Bxa7 Ne5 20. Rxd6 h6 21. Be3 Ng4 22. a4 Nxe3 23. fxe3 R8xe3 24. axb5 Rxb3 25. Bd5 Rxb5 26. Bc4 Rbb2 27. Ra8+ Kh7 28. Bxe2 Rxe2 29. Ra7 f6 30. Rdd7 Kg6 31. Rxg7+ Kh5 32. Ra5+ Re5 33. Rxe5+ fxe5 34. Kg2 e4 35. Kh3 e3 36. g4# 1-0

[Event "Junior Online 4NCL Division 4"]
[Site "online"]
[Date "2021.04.15"]
[EventDate "2021.04.15"]
[Round "7.86"]
[White "Yerabati, Suhrith"]
[WhiteElo "1275"]
[WhiteTeam "Leeds Juniors 2"]
[Black "Keech, Gabriel"]
[BlackElo "1606"]
[BlackTeam "Somerset Lions"]
[Result "1-0"]
[PlyCount "57"]

1. d4 Nf6 2. Bf4 g6 3. e3 Bg7 4. Nc3 d5 5. h4 h5 6. Bd3 c5 7. Nb5 Qa5+ 8. c3 Na6 9. a4 c4 10. Bc2 Bd7 11. Nf3 Bxb5 12. axb5 Qxb5 13. Ba4 Qxa4 14. Qxa4+ Kf8 15. Ne5 Rd8 16. Qb5 Nb8 17. Qxb7 Nbd7 18. Nxd7+ Nxd7 19. Bc7 Re8 20. Rxa7 Kg8 21. Ba5 Nf6 22. f3 Bh6 23. Kf2 Kg7 24. Bb4 Rhf8 25. Bxe7 Rg8 26. Bxf6+ Kh7 27. Qxf7+ Bg7 28. Bxg7 Rxg7 29. Qxg7# 1-0

[Event "Junior Online 4NCL Division 4"]
[Site "online"]
[Date "2021.04.15"]
[EventDate "2021.04.15"]
[Round "7.87"]
[White "Wang, Andy"]
[WhiteElo "1388"]
[WhiteTeam "Somerset Lions"]
[Black "Yerabati, Samiksha"]
[BlackElo "1201"]
[BlackTeam "Leeds Juniors 2"]
[Result "0-1"]
[PlyCount "22"]

1. d4 d5 2. Bf4 e6 3. Nf3 c5 4. e3 Nc6 5. c4 b6 6. Nc3 Nf6 7. Be2 Bd6 8. Bg3 Bb7 9. Qb3 Na5 10. Qa4+ Bc6 11. Bxd6 Bxa4 0-1

[Event "Junior Online 4NCL Division 4"]
[Site "online"]
[Date "2021.04.15"]
[EventDate "2021.04.15"]
[Round "7.88"]
[White "Sasikumar, Srivathsan"]
[WhiteElo "1104"]
[WhiteTeam "Leeds Juniors 2"]
[Black "Ranpura, Kirin"]
[BlackElo "1379"]
[BlackTeam "Somerset Lions"]
[Result "0-1"]
[PlyCount "70"]

1. d4 e6 2. Bf4 d5 3. Nf3 c5 4. e3 Nc6 5. c3 Nf6 6. Nbd2 Be7 7. Bd3 Bd7 8. O-O O-O 9. Re1 Qb6 10. Rb1 h6 11. e4 dxe4 12. Nxe4 cxd4 13. Nxd4 Rfd8 14. Nxf6+ Bxf6 15. Nxc6 Bxc6 16. Qc2 Kh8 17. Rbd1 Rd7 18. Qc1 g5 19. Be5 Bxe5 20. Rxe5 Qd8 21. Re3 Be4 22. Rxe4 Rxd3 23. Rxd3 Qxd3 24. Re3 Qd5 25. c4 Qd6 26. Qc3+ Kg8 27. h3 Rd8 28. Rf3 Qe7 29. Kh2 Qc7+ 30. Rg3 b5 31. Qf6 Kh7 32. h4 g4 33. cxb5 Rd2 34. a4 Re2 35. Qf4 Qxf4 0-1

[Event "Junior Online 4NCL Division 4"]
[Site "online"]
[Date "2021.04.15"]
[EventDate "2021.04.15"]
[Round "7.91"]
[White "Minhas, Salar"]
[WhiteElo "924"]
[WhiteTeam "Coldfall Knights"]
[Black "Man, Felix"]
[BlackElo "1063"]
[BlackTeam "Muswell Hill Primary"]
[Result "0-1"]
[PlyCount "96"]

1. e4 e5 2. Nf3 Nc6 3. Bb5 Bc5 4. Bxc6 dxc6 5. Nxe5 Qd4 6. Nd3 Qxe4+ 7. Qe2 Qxe2+ 8. Kxe2 Bd6 9. Nc3 Nf6 10. b3 O-O 11. Bb2 Nd5 12. Nxd5 cxd5 13. c4 dxc4 14. bxc4 Be6 15. c5 Be7 16. a4 Bc4 17. Rhc1 Ba6 18. c6 Rad8 19. Rc3 Bf6 20. Rc2 Bxd3+ 21. Kd1 Bxc2+ 22. Kxc2 Bxb2 23. Rb1 Be5 24. cxb7 Rb8 25. g3 c6 26. f4 Bf6 27. Kd3 Rfe8 28. Kc4 Re7 29. Kc5 Rexb7 30. Rxb7 Rxb7 31. Kxc6 Rb4 32. a5 Rb2 33. d3 h6 34. Kc5 Kf8 35. Kc4 Ke7 36. d4 Kd6 37. d5 Rxh2 38. Kb5 Kxd5 39. Ka6 Ra2 40. Kxa7 Rxa5+ 41. Kb6 Ra3 42. Kb5 Rxg3 43. Kb4 Rg1 44. Kb5 Rb1+ 45. Ka5 Kc4 46. Ka6 Kc5 47. Ka7 Kc6 48. Ka8 Kc7 0-1

[Event "Junior Online 4NCL Division 4"]
[Site "online"]
[Date "2021.04.15"]
[EventDate "2021.04.15"]
[Round "7.92"]
[White "Shetty, Ahan"]
[WhiteElo "1010"]
[WhiteTeam "Muswell Hill Primary"]
[Black "Corrall, Ruby"]
[BlackElo "934"]
[BlackTeam "Coldfall Knights"]
[Result "1-0"]
[PlyCount "111"]

1. d4 d5 2. c4 e6 3. Nc3 Nf6 4. Bg5 Be7 5. Qb3 b6 6. Bxf6 Bxf6 7. cxd5 Bxd4 8. dxe6 Bxe6 9. Qa4+ Qd7 10. Qxd7+ Nxd7 11. Nb5 Be5 12. Nf3 Bd6 13. Nxd6+ cxd6 14. e3 O-O 15. Be2 Bg4 16. h3 Bxf3 17. Bxf3 Ne5 18. Bxa8 Rxa8 19. O-O Re8 20. Rad1 Re6 21. Rc1 h6 22. Rc7 a5 23. Rb7 d5 24. Rd1 Rd6 25. e4 Nc4 26. Rxd5 Rc6 27. Rdd7 Ne5 28. Re7 Ng6 29. Rxf7 Ne5 30. Rxg7+ Kh8 31. Rgc7 Rxc7 32. Rxc7 Nc4 33. Rxc4 b5 34. Rc5 a4 35. Rxb5 Kg7 36. Ra5 Kf6 37. Rxa4 Ke5 38. Rc4 h5 39. a4 Kd6 40. a5 Ke5 41. a6 Kf4 42. e5+ Kg5 43. Rg4+ Kh6 44. a7 hxg4 45. a8=Q gxh3 46. gxh3 Kg5 47. Qf3 Kg6 48. Qf4 Kg7 49. Qf5 Kg8 50. Qd7 Kf8 51. Kg2 Kg8 52. Kg3 Kf8 53. Kg4 Kg8 54. Kg5 Kf8 55. Kg6 Kg8 56. Qg7# 1-0

[Event "Junior Online 4NCL Division 4"]
[Site "online"]
[Date "2021.04.15"]
[EventDate "2021.04.15"]
[Round "7.93"]
[White "Haga, Matteo"]
[WhiteElo "850"]
[WhiteTeam "Coldfall Knights"]
[Black "Michener, Max"]
[BlackElo "1000"]
[BlackTeam "Muswell Hill Primary"]
[Result "0-1"]
[PlyCount "48"]

1. f4 d5 2. Nf3 Nc6 3. g3 Bf5 4. Bg2 e6 5. O-O Bc5+ 6. e3 Nf6 7. d4 Bb6 8. Nc3 Ne7 9. b3 c5 10. dxc5 Bxc5 11. Bb2 Bxe3+ 12. Kh1 h5 13. Qe2 Bb6 14. a4 a5 15. Ne5 Ng6 16. Qb5+ Kf8 17. Nxg6+ Bxg6 18. h4 Bxc2 19. Rac1 Bf5 20. Kh2 Bc7 21. Ba3+ Kg8 22. Qxb7 Rb8 23. Qa6 Rxb3 24. Qxa5 Bxa5 0-1

[Event "Junior Online 4NCL Division 4"]
[Site "online"]
[Date "2021.04.15"]
[EventDate "2021.04.15"]
[Round "7.94"]
[White "Bagshaw, Freddie"]
[WhiteElo "1035"]
[WhiteTeam "Muswell Hill Primary"]
[Black "Silver, Adam"]
[BlackElo "750"]
[BlackTeam "Coldfall Knights"]
[Result "1-0"]
[PlyCount "79"]

1. e4 e5 2. Nf3 Nc6 3. Bc4 Bc5 4. O-O Nf6 5. Nc3 O-O 6. d3 d6 7. Bg5 h6 8. Bh4 g5 9. Bg3 Bg4 10. h3 Be6 11. Bxe6 fxe6 12. h4 gxh4 13. Bxh4 d5 14. exd5 exd5 15. a3 d4 16. Nb5 Qc8 17. b4 a6 18. bxc5 axb5 19. Re1 Re8 20. Bxf6 Rf8 21. Bxe5 Nxe5 22. Nxe5 Qf5 23. Nf3 Qxc5 24. Qc1 b4 25. a4 Qc6 26. Nxd4 Qd7 27. Re4 Rxa4 28. Rxa4 Qxa4 29. Rg4+ Kf7 30. Qf4+ Ke7 31. Qxc7+ Ke8 32. Ne6 Qa1+ 33. Kh2 Rxf2 34. Qd8+ Kf7 35. Qg8+ Kf6 36. Rg6+ Ke5 37. Qg7+ Kd5 38. Qxa1 Rxc2 39. Qa5+ Rc5 40. Qxc5# 1-0

[Event "Junior Online 4NCL Division 4"]
[Site "online"]
[Date "2021.04.15"]
[EventDate "2021.04.15"]
[Round "7.95"]
[White "Man, Felix"]
[WhiteElo "1063"]
[WhiteTeam "Muswell Hill Primary"]
[Black "Minhas, Salar"]
[BlackElo "924"]
[BlackTeam "Coldfall Knights"]
[Result "1-0"]
[PlyCount "47"]

1. e4 e5 2. Nf3 Nc6 3. Bc4 Nf6 4. Nc3 Bb4 5. d3 Bxc3+ 6. bxc3 d5 7. exd5 Nxd5 8. Bb2 Bg4 9. h3 Bxf3 10. Qxf3 Nf6 11. O-O Na5 12. Bb3 Nxb3 13. cxb3 O-O 14. Qxb7 Qxd3 15. Qxc7 Rfe8 16. Qc4 Qxc4 17. bxc4 e4 18. Rfe1 Rac8 19. f3 exf3 20. Rxe8+ Nxe8 21. gxf3 Rxc4 22. Kf2 Rh4 23. Re1 Kf8 24. Ba3+ 1-0

[Event "Junior Online 4NCL Division 4"]
[Site "online"]
[Date "2021.04.15"]
[EventDate "2021.04.15"]
[Round "7.96"]
[White "Corrall, Ruby"]
[WhiteElo "934"]
[WhiteTeam "Coldfall Knights"]
[Black "Shetty, Ahan"]
[BlackElo "1010"]
[BlackTeam "Muswell Hill Primary"]
[Result "1/2-1/2"]
[PlyCount "110"]

1. d4 d5 2. Bf4 c5 3. e3 cxd4 4. exd4 Nc6 5. Bd3 e6 6. Nf3 Be7 7. O-O Nf6 8. Nc3 O-O 9. Ne2 Qb6 10. b3 Qd8 11. c3 Bd6 12. Bg5 Be7 13. Bb1 g6 14. Bxf6 Bxf6 15. Qc2 Bg7 16. h4 e5 17. h5 exd4 18. Nexd4 Nxd4 19. Nxd4 Qg5 20. hxg6 fxg6 21. g3 Bh3 22. a3 Bxf1 23. Ne6 Qf6 24. Nxf8 Rxf8 25. Kxf1 Qxc3 26. Qxc3 Bxc3 27. Ra2 Rd8 28. Bd3 Re8 29. Kg2 Re1 30. Re2 Rxe2 31. Bxe2 Bb2 32. a4 d4 33. Kf3 Kf7 34. Ke4 Kf6 35. Bd3 Bc3 36. Kd5 h5 37. Kd6 g5 38. Kc7 h4 39. Bf1 hxg3 40. fxg3 Ke5 41. Kxb7 Ke4 42. Kxa7 Kf3 43. Ka6 Kxg3 44. a5 Kf2 45. Kb7 g4 46. a6 d3 47. Bxd3 Bd4 48. a7 Bxa7 49. Kxa7 g3 50. Be4 Ke3 51. Bc6 Kd4 52. Bf3 Kc5 53. Ka6 Kb4 54. Bd5 g2 55. Bxg2 Kxb3 1/2-1/2

[Event "Junior Online 4NCL Division 4"]
[Site "online"]
[Date "2021.04.15"]
[EventDate "2021.04.15"]
[Round "7.97"]
[White "Michener, Max"]
[WhiteElo "1000"]
[WhiteTeam "Muswell Hill Primary"]
[Black "Haga, Matteo"]
[BlackElo "850"]
[BlackTeam "Coldfall Knights"]
[Result "1-0"]
[PlyCount "27"]

1. e4 e5 2. Nc3 Nc6 3. Bc4 Nf6 4. d3 Bc5 5. f4 O-O 6. f5 d6 7. Bg5 h6 8. Bh4 b6 9. Nd5 Re8 10. Nxf6+ gxf6 11. Qh5 Qd7 12. Bxf6 Bb7 13. Qg4+ Kf8 14. Qg7# 1-0

[Event "Junior Online 4NCL Division 4"]
[Site "online"]
[Date "2021.04.15"]
[EventDate "2021.04.15"]
[Round "7.98"]
[White "Silver, Adam"]
[WhiteElo "750"]
[WhiteTeam "Coldfall Knights"]
[Black "Bagshaw, Freddie"]
[BlackElo "1035"]
[BlackTeam "Muswell Hill Primary"]
[Result "0-1"]
[PlyCount "90"]

1. e4 e5 2. Nf3 Nc6 3. Bc4 Nf6 4. Nc3 Bc5 5. O-O O-O 6. d3 d6 7. Bg5 h6 8. Bh4 Bg4 9. h3 Bh5 10. g4 Bg6 11. Na4 Qe8 12. Nxc5 dxc5 13. a3 a6 14. Bg3 b5 15. Nxe5 Nxe5 16. Bxe5 Qxe5 17. Bb3 Qxb2 18. Qf3 Qd4 19. Qf4 Rac8 20. g5 Nh5 21. Qf3 hxg5 22. Rfe1 c4 23. dxc4 bxc4 24. Ba4 Nf6 25. Qg4 Nxg4 26. hxg4 Bxe4 27. Bd7 Qxd7 28. Rxe4 Rce8 29. Rxc4 Re7 30. Ra4 Qxa4 31. c3 Qxg4+ 32. Kf1 Qc4+ 33. Kg2 Qxc3 34. Rb1 Qxa3 35. Rd1 g4 36. f3 Qxf3+ 37. Kh2 Qxd1 38. Kg2 Re2+ 39. Kg3 Re3+ 40. Kf4 Qd4+ 41. Kg5 Re5+ 42. Kh4 g6 43. Kg3 Re3+ 44. Kh4 Rh3+ 45. Kg5 Rh5# 0-1

[Event "Junior Online 4NCL Division 4"]
[Site "online"]
[Date "2021.04.15"]
[EventDate "2021.04.15"]
[Round "7.101"]
[White "Jowell, Leo"]
[WhiteElo "1239"]
[WhiteTeam "Edgware Gambits E"]
[Black "Seet, Joshua"]
[BlackElo "1383"]
[BlackTeam "Woking Warriors"]
[Result "1-0"]
[PlyCount "123"]

1. d4 c6 2. c4 d5 3. Nc3 Nf6 4. Bf4 e6 5. cxd5 cxd5 6. e3 Nc6 7. Nf3 Bd7 8. Bb5 Bb4 9. O-O O-O 10. Qb3 Bxc3 11. Qxc3 Ne4 12. Qa3 a6 13. Bd3 f5 14. Bd6 Nxd6 15. Qxd6 Rf7 16. Ne5 Nxe5 17. Qxe5 Qb6 18. b3 Re8 19. Rfc1 Bb5 20. Bb1 a5 21. a4 Bc6 22. h3 Qxb3 23. Bc2 Qb6 24. Rab1 Qa6 25. Rd1 Qc4 26. Bd3 Qxa4 27. Ra1 Qb4 28. Rdb1 Qe7 29. Rxa5 Qf6 30. Qd6 e5 31. dxe5 Qxd6 32. exd6 Rd8 33. Bb5 Rxd6 34. Bxc6 bxc6 35. Rb6 g5 36. Raa6 Rff6 37. Ra8+ Kg7 38. Rb7+ Kh6 39. Raa7 f4 40. Rxh7+ Kg6 41. Rag7+ Kf5 42. exf4 Kxf4 43. g3+ Kf5 44. Rh5 Rg6 45. Rf7+ Rdf6 46. g4+ Kf4 47. Ra7 d4 48. Ra3 Ke4 49. Kg2 d3 50. Ra1 d2 51. Kf1 c5 52. Ke2 Rd6 53. f3+ Kf4 54. Rh8 d1=Q+ 55. Rxd1 Rxd1 56. Kxd1 Kxf3 57. Rf8+ Kg3 58. Rc8 Kxh3 59. Rxc5 Kxg4 60. Ke1 Kh3 61. Kf2 g4 62. Rh5# 1-0

[Event "Junior Online 4NCL Division 4"]
[Site "online"]
[Date "2021.04.15"]
[EventDate "2021.04.15"]
[Round "7.103"]
[White "Durling, Charlie"]
[WhiteElo "1235"]
[WhiteTeam "Edgware Gambits E"]
[Black "Seet, Leanne"]
[BlackElo "1220"]
[BlackTeam "Woking Warriors"]
[Result "0-1"]
[PlyCount "94"]

1. d4 Nf6 2. c4 d5 3. Nc3 e6 4. Bg5 Be7 5. Nf3 O-O 6. e3 Nc6 7. Bd3 h6 8. Bf4 Bd6 9. O-O Bxf4 10. exf4 Nb4 11. a3 Nxd3 12. Qxd3 Re8 13. cxd5 exd5 14. Rfe1 Rxe1+ 15. Rxe1 Bg4 16. h3 Bxf3 17. Qxf3 Qd7 18. f5 Re8 19. Rxe8+ Nxe8 20. Nxd5 c6 21. Nb4 Qxd4 22. Qe3 Qd1+ 23. Kh2 Qd6+ 24. g3 Nf6 25. Qxa7 Qd2 26. Qb8+ Kh7 27. Qxb7 Qxf2+ 28. Kh1 Nh5 29. Qc7 Nxg3+ 30. Qxg3 Qxg3 31. f6 gxf6 32. Nxc6 Qxh3+ 33. Kg1 Qe3+ 34. Kg2 Qe4+ 35. Kg3 Qxc6 36. Kg4 Kg6 37. b4 f5+ 38. Kf4 Qe4+ 39. Kg3 f4+ 40. Kg4 f3+ 41. Kg3 Kg5 42. Kf2 Kg4 43. b5 Qe2+ 44. Kg1 f2+ 45. Kh2 f1=N+ 46. Kg1 Kg3 47. b6 Qg2# 0-1

[Event "Junior Online 4NCL Division 4"]
[Site "online"]
[Date "2021.04.15"]
[EventDate "2021.04.15"]
[Round "7.104"]
[White "Wicks, Alexander"]
[WhiteElo "1105"]
[WhiteTeam "Woking Warriors"]
[Black "Sharma, Krish"]
[BlackElo "1167"]
[BlackTeam "Edgware Gambits E"]
[Result "1-0"]
[PlyCount "91"]

1. e4 c6 2. d4 d5 3. exd5 cxd5 4. Nf3 Bf5 5. Bd3 Bxd3 6. Qxd3 e6 7. Nc3 Bd6 8. O-O Nc6 9. Be3 Nf6 10. a3 O-O 11. b4 Qc7 12. Nb5 Qd7 13. Nxd6 Qxd6 14. c4 dxc4 15. Qxc4 Nd5 16. Ne5 Nxe5 17. dxe5 Qxe5 18. Rfe1 Rac8 19. Qb5 b6 20. Bxb6 Qg5 21. Be3 Qf6 22. Rac1 Nxe3 23. fxe3 Rxc1 24. Rxc1 Qh6 25. Qc5 Rd8 26. Qxa7 f6 27. Qb6 Qg5 28. Qxd8+ Kf7 29. Rc7+ Kg6 30. Qd2 Qe5 31. Rc5 Qa1+ 32. Qc1 Qa2 33. Qc2+ Qxc2 34. Rxc2 h6 35. b5 Kg5 36. b6 h5 37. b7 g6 38. b8=Q f5 39. Qd8+ Kg4 40. Qg8 g5 41. Qxe6 h4 42. Rc4+ Kh5 43. Qxf5 Kh6 44. Rc6+ Kh5 45. Rg6 h3 46. Qxg5# 1-0

[Event "Junior Online 4NCL Division 4"]
[Site "online"]
[Date "2021.04.15"]
[EventDate "2021.04.15"]
[Round "7.105"]
[White "Seet, Joshua"]
[WhiteElo "1383"]
[WhiteTeam "Woking Warriors"]
[Black "Jowell, Leo"]
[BlackElo "1239"]
[BlackTeam "Edgware Gambits E"]
[Result "1-0"]
[PlyCount "59"]

1. d4 Nf6 2. c4 g6 3. Nc3 Bg7 4. e4 d6 5. f3 O-O 6. Be3 Nc6 7. Nge2 Nd7 8. Nc1 e5 9. d5 f5 10. dxc6 bxc6 11. Be2 f4 12. Bf2 g5 13. O-O h5 14. Nb3 g4 15. fxg4 hxg4 16. Bxg4 Qg5 17. Bf3 Rf6 18. Na5 Nb6 19. Bxb6 cxb6 20. Nxc6 Bb7 21. Ne7+ Kf7 22. Nf5 Rg6 23. Nxd6+ Ke6 24. Nxb7 Rh8 25. Qd7+ Kxd7 26. Nb5 Rh3 27. Rad1+ Kc6 28. Rd2 Kxb7 29. Rd7+ Ka6 30. Rxa7# 1-0

[Event "Junior Online 4NCL Division 4"]
[Site "online"]
[Date "2021.04.15"]
[EventDate "2021.04.15"]
[Round "7.107"]
[White "Seet, Leanne"]
[WhiteElo "1220"]
[WhiteTeam "Woking Warriors"]
[Black "Durling, Charlie"]
[BlackElo "1235"]
[BlackTeam "Edgware Gambits E"]
[Result "0-1"]
[PlyCount "58"]

1. d4 d5 2. Nc3 Nf6 3. Nf3 Bf5 4. e3 e6 5. Be2 Bb4 6. Bd2 Nc6 7. O-O O-O 8. Ne5 Nxe5 9. dxe5 Bxc3 10. Bxc3 Ne4 11. Bb4 c5 12. Bd2 Qc7 13. f3 Nxd2 14. Qxd2 Qxe5 15. b3 Rad8 16. c3 d4 17. cxd4 cxd4 18. e4 d3 19. Bxd3 Qd4+ 20. Kh1 Bg6 21. Rad1 f5 22. exf5 Bxf5 23. Bxf5 Qxd2 24. Bxe6+ Kh8 25. Rxd2 Rxd2 26. f4 Rxa2 27. b4 Ra6 28. f5 Rxe6 29. fxe6 Rxf1# 0-1

[Event "Junior Online 4NCL Division 4"]
[Site "online"]
[Date "2021.04.15"]
[EventDate "2021.04.15"]
[Round "7.108"]
[White "Sharma, Krish"]
[WhiteElo "1167"]
[WhiteTeam "Edgware Gambits E"]
[Black "Wicks, Alexander"]
[BlackElo "1105"]
[BlackTeam "Woking Warriors"]
[Result "1-0"]
[PlyCount "25"]

1. d4 Nf6 2. Bf4 c5 3. e3 d5 4. c3 Nc6 5. Bd3 Qd6 6. Bxd6 exd6 7. Nf3 cxd4 8. exd4 Bg4 9. Nbd2 Be7 10. h3 Bh5 11. O-O O-O-O 12. b4 a6 13. a4 1-0